| Tag |
First Indicator |
Second Indicator |
Subfields |
| LEADER |
00000cam a2200000Ia 4500 |
| 001 |
in00002022467 |
| 005 |
20151031170146.0 |
| 008 |
040813s2004 nyu 000 0 eng d |
| 020 |
|
|
|a 140135212X :
|c $22.95
|
| 035 |
|
|
|a (OCoLC)ocm56190183
|
| 040 |
|
|
|a BKL
|c BKL
|d DPL
|d OHI
|d TXA
|d UtOrBLW
|
| 049 |
|
|
|a TXAM
|
| 090 |
|
|
|a E902
|b .W64 2004
|
| 092 |
0 |
|
|a 302.23/0973
|2 22
|
| 100 |
1 |
|
|a Wolcott, James,
|d 1952-
|
| 245 |
1 |
0 |
|a Attack poodles and other media mutants :
|b the looting of the news in a time of terror /
|c James Wolcott.
|
| 264 |
|
1 |
|a New York :
|b Miramax Books,
|c 2004.
|
| 300 |
|
|
|a xii, 313 pages ;
|c 22 cm.
|
| 336 |
|
|
|a text
|b txt
|2 rdacontent
|
| 337 |
|
|
|a unmediated
|b n
|2 rdamedia
|
| 338 |
|
|
|a volume
|b nc
|2 rdacarrier
|
| 651 |
|
0 |
|a United States
|x Politics and government
|y 2001-2009.
|
| 650 |
|
0 |
|a Mass media
|x Political aspects
|z United States.
|
| 610 |
2 |
0 |
|a Republican Party (U.S. : 1854- )
|
| 994 |
|
|
|a E0
|b TXA
|
| 948 |
|
|
|a cataloged
|b h
|c 2005/1/26
|d c
|e jlanham
|f 11:24:36 am
|
| 999 |
|
|
|a MARS
|
| 999 |
f |
f |
|s 9651d031-b400-36fd-824e-f37b2218a6ce
|i 786d4dbb-62a7-3d54-8fbe-38b9dd9a9563
|t 0
|
| 952 |
f |
f |
|p normal
|a Texas A&M University
|b College Station
|c Sterling C. Evans Library
|d Evans: Library Stacks
|t 0
|e E902 .W64 2004
|h Library of Congress classification
|i unmediated -- volume
|m A14831740656
|
| 998 |
f |
f |
|a E902 .W64 2004
|t 0
|l Evans: Library Stacks
|